| 000 | 00512cam a2200193ua 4500 | ||
|---|---|---|---|
| 003 | OSt | ||
| 008 | 250104b |||||||| |||| 00| 0 eng d | ||
| 020 | _a0 07 451852 6 | ||
| 041 | _aeng | ||
| 082 |
_a621.371 _bRAN/IN |
||
| 100 |
_aRangen, CS . _96744 |
||
| 245 | _aInstrumentation devices and systems / | ||
| 260 |
_aNew Delhi : _bTata Mc-Graw Hill Publishing Company , _c1993. |
||
| 300 | _a529 ; . | ||
| 500 | _a*CSS | ||
| 700 | 1 |
_aMani, V SV ` . _96745 |
|
| 700 | 1 |
_aSarma, G R . _96616 |
|
| 942 | _cBK | ||
| 999 |
_c9304 _d9304 |
||